000 00811nam a2200205Ii 4500
003 JO-AjNU
008 230605s9999||||xx |||||||||||||| ||und||
017 _a2015/7/3203
040 _aJO-AjNU
_bara
_erda
_cJO-AjNU
041 _aara
050 1 4 _aDS36.85.T34 2015
100 3 _aالسيد احمد، عزمي طه,
_eauthor
_961056
245 0 0 _aالثقافة العربية وتحدياتها في عصر العولمة
264 3 1 _aعمان: وزارة الثقافة، 2015
300 _a254ص
_bمكتبة الاسرة القراءه للجميع 2015 / عمان: وزارة الثقافة
336 _atext
_btxt
_2rdacontent
337 _aunmediated
_bn
_2rdamedia
338 _avolume
_bnc
_2rdacarrier
650 4 _aالثقافة العربية-العولمة-البلاد العربية
_961057
999 _aA27574
_c31142
_d31142